000 00793cab a2200241 4500
001 ABS53692
008 090401t1995 xxu||||| |||| 00| 0 eng d
035 _a(Sirsi) u5959
041 _aeng
100 _aBeever, P.
245 _aSaving with fire safety
260 _c1995
350 _a0
490 _aEstates Gazette
_v(9543) 28 october 1995, 122-123(2)
520 _aReviews fire safety measures in buildings, with special reference to a draft British Standard "The application of fire safety engineering principles to fire safety in buildings".
650 _aBRITISH STANDARDS
650 _aBUILDING REGULATIONS
_96224
650 _aFIRE DETECTION
650 _aFIRE SAFETY ENGINEERING
690 _aBUILT ENVIRONMENT-CONSTRUCTION DESIGN
942 _n0
948 _c04/03/1997
999 _c3570
_d3570